Image and video databases (E-BOOK) (Record no. 193138)

000 -LEADER
fixed length control field 01032 a2200277 4500
003 - CONTROL NUMBER IDENTIFIER
control field Nust
005 - DATE AND TIME OF LATEST TRANSACTION
control field 20170207154051.0
010 ## - LIBRARY OF CONGRESS CONTROL NUMBER
LC control number 00029369
020 ## - INTERNATIONAL STANDARD BOOK NUMBER
International Standard Book Number 0444505024 (alk. paper)
022 ## - INTERNATIONAL STANDARD SERIAL NUMBER
International Standard Serial Number 0444505024
040 ## - CATALOGING SOURCE
Transcribing agency Nust
082 00 - DEWEY DECIMAL CLASSIFICATION NUMBER
Classification number 621.367
245 00 - TITLE STATEMENT
Title Image and video databases (E-BOOK)
Remainder of title restoration, watermarking, and retrieval /
Statement of responsibility, etc. A. Hanjalic ... [et al.].
260 ## - PUBLICATION, DISTRIBUTION, ETC.
Place of publication, distribution, etc. Amsterdam ;
-- New York :
Name of publisher, distributor, etc. Elsevier Science B. V.,
Date of publication, distribution, etc. 2000.
300 ## - PHYSICAL DESCRIPTION
Extent xx, 445 p. :
Other physical details ill. ;
Dimensions 25 cm.
440 #0 - SERIES STATEMENT/ADDED ENTRY--TITLE
Title Advances in image communication ;
Volume/sequential designation 8
650 #0 - SUBJECT ADDED ENTRY--TOPICAL TERM
Topical term or geographic name entry element Database management.
650 #0 - SUBJECT ADDED ENTRY--TOPICAL TERM
Topical term or geographic name entry element Digital watermarking.
650 #0 - SUBJECT ADDED ENTRY--TOPICAL TERM
Topical term or geographic name entry element Image processing
General subdivision Digital techniques.
650 #0 - SUBJECT ADDED ENTRY--TOPICAL TERM
Topical term or geographic name entry element Telecommunications engineering - (E-BOOK)
650 #0 - SUBJECT ADDED ENTRY--TOPICAL TERM
Topical term or geographic name entry element Video recordings
651 ## - SUBJECT ADDED ENTRY--GEOGRAPHIC NAME
Geographic name Image and video databases (E-BOOK)
700 1# - ADDED ENTRY--PERSONAL NAME
Personal name Hanjalic, A.
856 42 - ELECTRONIC LOCATION AND ACCESS
Materials specified Publisher description
Uniform Resource Identifier <a href="http://www.loc.gov/catdir/enhancements/fy0610/00029369-d.html">http://www.loc.gov/catdir/enhancements/fy0610/00029369-d.html</a>
856 42 - ELECTRONIC LOCATION AND ACCESS
Materials specified Table of contents only
Uniform Resource Identifier <a href="http://www.loc.gov/catdir/enhancements/fy0610/00029369-t.html">http://www.loc.gov/catdir/enhancements/fy0610/00029369-t.html</a>
942 ## - ADDED ENTRY ELEMENTS (KOHA)
Source of classification or shelving scheme
Koha item type Book
Holdings
Withdrawn status Lost status Source of classification or shelving scheme Damaged status Not for loan Collection code Permanent Location Current Location Date acquired Total Checkouts Full call number Barcode Date last seen Price effective from Koha item type
            Military College of Signals (MCS) Military College of Signals (MCS) 12/12/2016   621.367 HAN MCSEB-2476 12/08/2016 12/12/2016 Book
© 2023 Central Library, National University of Sciences and Technology. All Rights Reserved.